header

The philosopher, the priest, and the painter (Record no. 13583)

MARC details
000 -LEADER
fixed length control field 01343nam a2200337Ia 4500
082 04 - DEWEY DECIMAL CLASSIFICATION NUMBER
Classification number 194
-- B
100 1# - MAIN ENTRY--AUTHOR NAME
Personal name Nadler, Steven M.,
245 14 - TITLE STATEMENT
Title The philosopher, the priest, and the painter
260 ## - PUBLICATION, DISTRIBUTION, ETC. (IMPRINT)
Place of publication Princeton, N.J. :
Name of publisher Princeton University Press,
Year of publication 2013.
300 ## - PHYSICAL DESCRIPTION
Number of Pages xiv, 230 p.
650 #0 - SUBJECT ADDED ENTRY--TOPICAL TERM
Topical Term Philosophy, Modern.
Topical Term Philosophers
856 40 - ELECTRONIC LOCATION AND ACCESS
Uniform Resource Identifier http://site.ebrary.com/lib/rucke/Doc?id=10682499

No items available.

© 2026 Rongo University
Contact us: librarian | system librarian | Rongo university